000 00545nam a2200169Ia 4500
008 090201s9999 xx 000 0 und d
010 _aKPL-15590
040 _bमराठी
041 _aमराठी
082 _a37809
_b15590
100 _a इंद्रयणी साहित्य
245 _aबहर
_c इंद्रयणी साहित्य
260 _c2004
_bइंद्रायणी साहित्य प्रकाशन
300 _a112
_bमोठा
600 _aबहर
942 _cBOOK
999 _c235438
_d235438